MDQL
is popping MORE tags! Check the
thread
!
Quizzes
Events
Quiz Creation
Community
Videos
Private Events
Remove Ads
Sign In
Join for FREE
Feedback
Dark Mode
Quiz Categories
Sports
Geography
Music
Movies
Television
Just For Fun
Miscellaneous
History
Literature
Language
Science
Gaming
Entertainment
Religion
Holiday
For Kids
Quiz Lab
Recent
Popular Today
Quiz Kudos Today
Editor Picks
Curator Picks
Quizzes by...
Day
Popularity
Type
Ratings
Length
Year
Community
Subscriptions
Recent Discussions
Orange Saloon
Badges
Playlists
Quests
Create
Leaderboards
Showdown
Live 5
Trivia Bingo
Activity
Puzzle Library
Sporcle Events
Private Events
Virtual Trivia
Globe League
Become a Host
Pub Owners
SporcleCon
Opinionation
Our Games
Videos
Blog
Mobile Apps
Partnerships
Remove Ads and Go Orange
Feedback
Sports
Athletes
MLB
NBA
NHL
NFL
Soccer
Sports Teams
WWE
NCAA
Football
Premier League
Basketball
Baseball
Hockey
Golf
Tennis
Cricket
Rugby
Auto Racing
Olympics
World Cup
Sports
Athletes
MLB
NBA
NHL
NFL
Soccer
Sports Teams
WWE
NCAA
Football
Premier League
Basketball
Baseball
Hockey
Golf
Tennis
Cricket
Rugby
Auto Racing
Olympics
World Cup
Random Quiz
Search Sporcle
×
Quiz Lab
Quiz Lab
Sports
Country
Type in answers that appear in a list
Type in answers that appear in a list
Classic
Best Score? Go Orange.
2014-2015 Opening Day Roster (New York Knicks) Stats
Can you name the 2014-2015 Opening Day Roster for the New York Knicks
By
djsbb41
4m
15 Questions
69 Plays
69 Plays
69 Plays
Comments
Comments
Give Quiz Kudos
Give Quiz Kudos
-
- Ratings
hide this ad
Replay
Link that replays current quiz
Next Quiz
Link to next quiz in quiz playlist
You Got
0%
They Got
Avg Score
77%
Avg Friend Score
Upgrade to see
Score Distribution
Jump to the score distribution portion of the page
Score
0/15
Timer
04:00
0
Plays Today
Number
Player
% Correct
7
Carmelo Anthony
95.7%
8
J.R. Smith
91.3%
14
Jason Smith
91.3%
21
Iman Shumpert
85.5%
5
Tim Hardaway Jr.
84.1%
3
Jose Calderon
81.2%
77
Andrea Bargnani
81.2%
1
Amar'e Stoudemire
79.7%
Number
Player
% Correct
9
Pablo Prigioni
76.8%
0
Shane Larkin
75.4%
17
Cleanthony Early
72.5%
11
Samuel Dalembert
66.7%
45
Cole Aldrich
65.2%
4
Quincy Acy
60.9%
6
Travis Wear
50.7%
Quiz Playlist
Details
Report
Send in Message
Add To Playlist
Classic:
Type in answers that appear in a list
Last Updated: Feb 16, 2017
Quiz Scoreboard
CHALLENGE
Sign Up to Join the Scoreboard
Show All
Scores
Hide
Comments
May contain spoilers
Recently Published
Colored Red Africa Blitz
by spor1
Geography
30s
Find the 'City' Movie
by crazypaving
Movies
60s
5x2 Blitz: Bands
by SL_Kpop136
Music
30s
More to Explore
Quiz From the Vault
Featured Blog Post
14 Easter Pick-up Lines to Find Eggs With
hide this ad
You Might Also Like...
Tags
College Quiz
Country Quiz
2014-2015
Day Roster
New York
New York Knicks
Player
Roster
school
Today's Top Quizzes in Sports
Browse Sports
hide this ad
Today's Top Quizzes in Country
Browse Country
Top Contributed Quizzes in Sports
1
Players with Multiple 50 Home Run Seasons
2
Who Needs Fielders?
3
Criteria MLB: Left Handed Sluggers
4
MLB Players with Two .350 Batting Average Seasons
5
Who Hit More Homers?
6
2020 F1 Drivers Logic Puzzle
7
NBA Teammate Connections
8
Premier League Clubs since 2000 (minefield)
9
MLB Teams by First Game
10
Top 10 NHL Goal Scorers of All Time
Explore More
Trending Topics
Crossword
Kpop
Harry Potter
NBA
Marvel
Disney
Anime
Soccer
Song
The Office
Country
Pokémon
Puzzle
WWE
NFL
hide this ad
More By:
djsbb41
Quiz
Plays
Rating
Category
Featured
Created
2015 NBA Draft (first round)
5,406
4.09
Sports
Jun 25, 2015
2018 NBA Draft (first round)
3,226
5.00
Sports
Jun 21, 2018
2017 NBA Draft (first round)
3,156
2.33
Sports
Jun 22, 2017
2016 NBA Draft (first round)
2,358
5.00
Sports
Jun 23, 2016
2014 NBA Draft (first round)
774
3.00
Sports
Jun 30, 2014
Go to Creator's Profile
Score Distribution
Quiz Creator Spotlight
djsbb41
Follow
Send a Message
Quizzes Created
-
Created Quiz Play Count
-
More By This Creator
Popular Quizzes Today
1
5x2 Blitz: Bands
2
Find the 'City' Movie
3
Colored Red Africa Blitz
4
Find the US States - No Outlines Minefield
5
The Countries of the World
6
Find the US States
7
9x9 Crossword: Cartoon Network
8
US States
More Sports Quizzes
NBA 50+ Point Games (Rookies)
Curator's Pick
Trending Quizzes
Colored Red Africa Blitz II
Colored Red Europe Blitz I
Christmas Pick: Judaism
Colored Red Africa Blitz III
Colored Red Europe Blitz II
Recently Updated
Champions League XIs: Real Madrid
pecheneg
Largest US Cities 1790-2010
pecheneg
Rides in Walt Disney World
pecheneg
Most Oscar Losses (Acting)
pecheneg
Beyoncé Albums
pecheneg
Leaping Animals
pecheneg
Reality TV Shows (A-Z)
bhenderson79
Rickey Henderson's Hall of Fame Teammates
pecheneg
Champions League XIs: Arsenal
pecheneg
Quick Pick: Celebrities in WWE's Hall of Fame
aduchscher
Trending Topics
Anime
Marvel
Kpop
NBA
Harry Potter
Crossword
Disney
Puzzle
Pokémon
Song
NFL
Country
The Office
WWE
Soccer
Your Account Isn't Verified!
In order to create a playlist on Sporcle, you need to verify the email address you used during registration. Go to your
Sporcle Settings
to finish the process.
Report this User
Report this user for behavior that violates our
Community Guidelines
.
Details:
Send Report
Go to the Sporcle.com Mobile Site →
Comments